Dante's Inferno on a map - Statistics

General Stats
  • This quiz has been taken 369 times
  • The average score is 7 of 35
Answers on the Map
Answers color-coded by a green-red scale on the quiz's map according to % correct below.
 
Answer Stats
Answer % Correct
Acheron river
47%
Dark Wood
41%
Lucifer
39%
Limbo-Unbaptized
35%
Center of the Earth
34%
Jerusalem
32%
Inferno Door
27%
Golgotha
24%
Antenora-Traitors to their Country
23%
Giudecca-Traitors to their Lords and Benefactors
23%
Gluttonous
21%
Well of the Giants
21%
Caina-Traitors to their Kindred
20%
Phlegethon river
19%
Ptolomea-Traitors to their Guests
19%
Walls of Dis
19%
Blasphemers, Sodomites and Usurers
17%
Carnal malefactors
17%
Vestibule of Hell-Uncommitted
17%
Avaricious and Wasters
16%
Deep Abyss
16%
Heresiarchs
15%
Fortune Tellers, Sorcerers, Diviners, Astrologers and False phropets
14%
Homicides, Marauders, Freebooters and Tyrants
14%
Styx-Wrathful and Sullen
12%
Suicides and dissipators
12%
Falsifiers
11%
Flatterers
11%
Simoniacs
11%
Seducers and Panderers
9%
Counsellors of Fraud
8%
Hypocrites
8%
Sowers of Discord
8%
Thieves
8%
Barrators
7%
No matching quizzes found
Score Distribution
Percent of People with Each Score
Percentile by Number Answered
Your Score History
You have not taken this quiz